Atasözleri - Statistics

General Stats
  • This quiz has been taken 101 times
  • The average score is 12 of 14
Answer Stats
Atasözü Cevap % Correct
Ev alma ____ al Komşu
96%
Öfkeyle kalkan ____la oturur Zarar
96%
Akılsız başın cezasını ___lar çeker Ayak
95%
Çam sakızı ____ armağanı Çoban
95%
Yalancının mumu ____ya kadar yanar Yatsı
95%
Sakla ____ı gelir zamanı Saman
94%
Denize düşen ____a sarılır Yılan
94%
Keskin ____ küpüne zarar verir Sirke
88%
Her yiğidin bir ____ yeyişi vardır Yoğurt
87%
Arpa eken ____ biçmez Buğday
83%
Lafla ____ gemisi yürümez Peynir
83%
İki ____ bir koltuğa sığmaz Karpuz
70%
Güneş _____la sıvanmaz Balçık
67%
Bir koyundan iki ___ çıkmaz Post
32%
No matching quizzes found
Score Distribution
Percent of People with Each Score
Percentile by Number Answered
Your Score History
You have not taken this quiz